000 00448nam a2200169Ia 4500
008 230711s9999||||xx |||||||||||||| ||und||
020 _a978-0-07-059357-2
041 _aENG
082 _a621
_bMI-E
100 _aMittle,V.N
245 0 _aBasic Electrical Engineering
250 _a2nd Ed.
260 _c2016
_aNew Delhi
_bMcGraw Hill Education(India) Private Limited
650 _aElectrical Engineering
700 _aMittal,Arvind
942 _cBK
999 _c2386
_d2386